=LDR 00000nam 2200000 4500 =001 INLIS000000000026162 =005 20130612124623 =008 ***********************************Ind** =035 ##$$0010-061300000026162 =041 ##$$a Ind =082 ##$$a 959.821 =090 ##$$a 959.821, Dja t =100 ##$$a Djajadiningrat, Husein =245 ##$$a Tinjauan kritis tentang sajarah banten, Hoesein Djajadiningrat =260 ##$$a 1983 $b Jakarta =300 ##$$a 400 hlm, 21 cm =650 ##$$a Sejarah banten =850 ##$$a NBPNMAT